000 006340000a22002050004500
003 LK-CoMWRAF
005 20240113110238.0
008 230817t2003 ||||| |||| 00| 0 eng d
040 _aLK-CoMWRAF
_dLK-CoMWRAF
_eLK-CoMWRAF
041 _aeng
082 _a297.563
_bNIA
100 _aNiaz, Noorjehan Safia
245 _aUnderstanding and Interpretation of Quranic Verses on divorce
260 _aBombay:
_bWomen's Research & Action Group,
_c2003
300 _a 20, [1] p. : ill. ; 24 cm
_bBibliography included
490 _aBook
_v2
650 _aDivorce (Islamic law)
650 _aQurʼan- Criticism, interpretation
942 _cBK
999 _c573
_d573